Manual de grafo análisis (Registro nro. 2096)

Detalles MARC
000 -Cabecera
Campo de control de longitud fija 00635aam a2200265 4500
005 - Fecha y hora de la última transacción
Campo de control 20251203111158.0
008 - Elementos de longitud fija--Información general
Campo de control de longitud fija 150722b2001 xxu||||| |||| 00| 0 spa d
020 ## - International Standard Book Number
Número Internacional Estándar del Libro (ISBN) 8425421934
041 ## - Idioma
Código de idioma Español
082 ## - Clasificación Decimal Dewey
Número de clasificación 363.256.5 V438m2
100 ## - Entrada principal--Autor personal
Nombre personal Vels, Augusto
245 ## - Título propiamente dicho
Título Manual de grafo análisis
250 ## - Edición
Mención de edición 2 edición
260 ## - Pie de imprenta
Lugar de publicación, distribución, etc. España
260 ## - Pie de imprenta
Nombre del editor, distribuidor, etc. Herder
260 ## - Pie de imprenta
Fecha de publicación, distribución, etc. 2001
300 ## - Descripción física
Extensión 262 páginas
490 ## - Serie
Título de la Serie Investigación Criminal
650 ## - Materia general
Temática (materia general) GRAFOLOGÍA
650 ## - Materia general
Temática (materia general) GRAFOANÁLISIS
650 ## - Materia general
Temática (materia general) GRAFODIAGNÓSITCO
650 ## - Materia general
Temática (materia general) TEMPERAMENTOS
650 ## - Materia general
Temática (materia general) GRADOS DE TENSIÓN
942 ## - Punto de acceso adicional KOHA
Tipo de ítem KOHA Libro
Fuente del sistema de clasificación o colocación Dewey Decimal Classification
Existencias
Signatura completa Código de barras Programa Académico Tipo de ítem
363.262.5 V438m 11691 Investigación Criminal Libro